Veletrh: starý dobrý marketingový známý

Veľtrh - argumenty za a proti. Čo urobí veľtržný servis za nás? Komunikačná kampaň - Autosalón Brno 2003 - prípadová štúdia., zhodnotenie kampane.

Na minha lista:
Detalhes bibliográficos
Autor principal: Jantač, Pavel
Outros Autores: Zumrová, Lucie
Formato: Capítulo de Livro
Idioma:tcheco
Assuntos:
Tags: Adicionar Tag
Sem tags, seja o primeiro a adicionar uma tag!

MARC

LEADER 00000naa$a2200000$$$4500
001 0002447
005 20230921121629.9
041 0 |a cze 
044 |a CZ 
245 1 0 |a Veletrh: starý dobrý marketingový známý  |c aut. Pavel Jantač, Lucie Zumrová 
520 |a Veľtrh - argumenty za a proti. Čo urobí veľtržný servis za nás? Komunikačná kampaň - Autosalón Brno 2003 - prípadová štúdia., zhodnotenie kampane. 
610 2 0 |a nástroje marketingové 
610 2 0 |a veľtrhy 
610 2 0 |a kampane reklamné 
610 2 0 |a komunikácia marketingová 
100 1 |a Jantač, Pavel 
700 1 |a Zumrová, Lucie